000 00502nam a2200181Ia 4500
005 20250508155553.0
008 008 250505s9999 xx 000 0 eng d
037 _aTextual
040 _aFEDL
_beng
_cFEDL
041 _aeng
_2eng
084 _a372.942, ROS
_qFEDL
100 _aRosenberg John J
_9767115
245 0 _aGive your children : A chance!
260 _aLondon, UK
_bThe Fortune Press
_c1945
300 _a49p
942 _cTEXL
_h372.942, ROS
999 _c1357874
_d1357874